00226nam a2200097Ia 4500008004100000100001700041245002300058260003000081300000900111650000800120191201s2007 xx 000 0 und d aSHARMA, J.K. 0aOperation Research aN. delhibMacmillanc2007 a1172 aMBA